| 000 | 007300000a22002410004500 | ||
|---|---|---|---|
| 003 | LK-CoMWRAF | ||
| 005 | 20230920112029.0 | ||
| 008 | 230817t1999 ||||| |||| 00| 0 eng d | ||
| 020 | _a818510798X | ||
| 040 |
_aLK-CoMWRAF _dLK-CoMWRAF _eLK-CoMWRAF |
||
| 041 | _aeng | ||
| 082 |
_a362.83 _bINS |
||
| 245 |
_aInstitutions, Relations and Outcomes: _bA framework and case studies for gender- aware planning |
||
| 260 |
_aNew Delhi: _bKali for Women, _c1999 |
||
| 300 | _axi, 410 p. ; 22 cm. | ||
| 650 | _aKINSHIP-India | ||
| 650 | _a Women -India -Social conditions | ||
| 650 | _aFamilies -- India | ||
| 650 | _aWomen's rights - India | ||
| 700 |
_aKabeer, Naila _eed. |
||
| 700 |
_aSubrahmanian, Ramya _eed. |
||
| 942 | _cBK | ||
| 999 |
_c3110 _d3110 |
||